<?xml version="1.0" encoding="UTF-8"?>
<record
    xmlns:xsi="http://www.w3.org/2001/XMLSchema-instance"
    xsi:schemaLocation="http://www.loc.gov/MARC21/slim http://www.loc.gov/standards/marcxml/schema/MARC21slim.xsd"
    xmlns="http://www.loc.gov/MARC21/slim">

  <leader>04777nam a2200397 a 4500</leader>
  <controlfield tag="003">CHAP</controlfield>
  <controlfield tag="005">20240611172136.0</controlfield>
  <controlfield tag="007">ta</controlfield>
  <controlfield tag="008">231107s2022    mx ado|fom||| 001 0 spa d</controlfield>
  <datafield tag="040" ind1=" " ind2=" ">
    <subfield code="e">rda</subfield>
  </datafield>
  <datafield tag="041" ind1=" " ind2=" ">
    <subfield code="a">spa</subfield>
    <subfield code="b">eng</subfield>
  </datafield>
  <datafield tag="100" ind1="1" ind2=" ">
    <subfield code="9">188236</subfield>
    <subfield code="a">Santos Gaspar, Jos&#xE9; Antonio</subfield>
  </datafield>
  <datafield tag="245" ind1="1" ind2=" ">
    <subfield code="a">S&#xED;ntesis y caracterizaci&#xF3;n de nanopart&#xED;culas de plata (NPs Ag); para su aplicaci&#xF3;n como agente antimicrobiano / </subfield>
    <subfield code="c">Jos&#xE9; Antonio Santos Gaspar</subfield>
  </datafield>
  <datafield tag="264" ind1=" " ind2=" ">
    <subfield code="a">Chapingo, M&#xE9;xico :</subfield>
    <subfield code="b">El autor,</subfield>
    <subfield code="c">2022</subfield>
  </datafield>
  <datafield tag="300" ind1=" " ind2=" ">
    <subfield code="a">1 recurso en l&#xED;nea (59 p&#xE1;ginas) :</subfield>
    <subfield code="b">ilustraciones, tablas, gr&#xE1;ficas, fotos</subfield>
  </datafield>
  <datafield tag="336" ind1=" " ind2=" ">
    <subfield code="2">rdacontent</subfield>
    <subfield code="a">texto</subfield>
    <subfield code="b">txt</subfield>
  </datafield>
  <datafield tag="337" ind1=" " ind2=" ">
    <subfield code="2">rdamedia</subfield>
    <subfield code="a">computadora</subfield>
    <subfield code="b">c</subfield>
  </datafield>
  <datafield tag="338" ind1=" " ind2=" ">
    <subfield code="2">rdacarrier</subfield>
    <subfield code="a">recurso en l&#xED;nea</subfield>
    <subfield code="b">cr</subfield>
  </datafield>
  <datafield tag="502" ind1=" " ind2=" ">
    <subfield code="a">Tesis</subfield>
    <subfield code="b">IA</subfield>
    <subfield code="c">Agroindustrias</subfield>
    <subfield code="d">2022</subfield>
    <subfield code="g">LIC</subfield>
  </datafield>
  <datafield tag="504" ind1=" " ind2=" ">
    <subfield code="a">Bibliograf&#xED;a: p&#xE1;ginas 53-57</subfield>
  </datafield>
  <datafield tag="520" ind1="3" ind2=" ">
    <subfield code="a">El efecto de las plagas y enfermedades ocasionadas por microorganismos pat&#xF3;genos ha sido un problema durante mucho tiempo para los productores primarios y secundarios, disminuyendo de manera significativa su rendimiento y usando indiscriminadamente agroqu&#xED;micos. Se decidi&#xF3; dise&#xF1;ar nanopart&#xED;culas de plata (NPs Ag), debido a sus propiedades antimicrobianas y as&#xED; generar nuevas metodolog&#xED;as para inhibir microorganismos pat&#xF3;genos. Este trabajo presenta la s&#xED;ntesis y caracterizaci&#xF3;n de NPs Ag por el m&#xE9;todo de reducci&#xF3;n qu&#xED;mica de sales utilizando nitrato de plata como precursor, glucosa como agente reductor y gelatina como estabilizante. Se realizaron cuatro tratamientos (T1, T2, T3, T4) con tres repeticiones por tratamiento, para obtener nanopart&#xED;culas (NPs) de tama&#xF1;os promedio de 20 nm y con distribuci&#xF3;n homog&#xE9;nea; que posteriormente se utilizar&#xE1;n para evaluar su efecto antimicrobiano. Las NPs Ag se caracterizaron utilizando espectroscopia ultravioleta visible (UV-Vis), microscopia electr&#xF3;nica de transmisi&#xF3;n (TEM), difracci&#xF3;n de rayos X (DRX), potencial zeta (PZ) y di&#xE1;metro hidrodin&#xE1;mico (DH). Los espectros UV-Vis mostraron una resonancia de plasm&#xF3;n superficial caracter&#xED;stica de las NPs Ag con valores de 418, 428, 422 y 423 nm para el T1, T2, T3 y T4, respectivamente. Mediante TEM se observ&#xF3; la morfolog&#xED;a de las NPs Ag con tama&#xF1;os promedio de 11.039, 18.56, 15.84 y 12.13873 nm para el T1, T2, T3 y T4, respectivamente. Los resultados obtenidos en DRX confirman la presencia de NPs Ag con estructura cristalina c&#xFA;bica. Finalmente, los resultados obtenidos de DH fueron 363.4, 598.23, 389.06 y 324.56 nm para T1, T2, T3 y T4, respectivamente.</subfield>
  </datafield>
  <datafield tag="520" ind1="3" ind2=" ">
    <subfield code="a">The effect of pests and diseases caused by pathogenic microorganisms has been a problem for a long time for primary and secondary producers, significantly reducing their yield and using agrochemicals indiscriminately. It was decided to design silver nanoparticles (NPs Ag), due to their antimicrobial properties and thus generate new methodologies to inhibit pathogenic microorganisms. This work presents the synthesis and characterization of Ag NPs by the method of chemical reduction of salts using silver nitrate as precursor, glucose as reducing agent and gelatin as stabilizer. Four treatments (T1, T2, T3, T4) were carried out with three repetitions per treatment, to obtain nanoparticles (NPs) with an average size of 20 nm and with a homogeneous distribution; which will later be used to evaluate their antimicrobial effect. Ag NPs were characterized using ultraviolet visible spectroscopy (UV-Vis), transmission electron microscopy (TEM), X-ray diffraction (XRD), zeta potential (ZP), and hydrodynamic diameter (DH). The UV-Vis spectra showed a characteristic surface plasmon resonance of the Ag NPs with values of 418, 428, 422 and 423 nm for T1, T2, T3 and T4, respectively. Through TEM, the morphology of the Ag NPs was observed with average sizes of 11.039, 18.56, 15.84 and 12.13873 nm for T1, T2, T3 and T4, respectively. The results obtained in XRD confirm the presence of Ag NPs with a cubic crystal structure. Finally, the results obtained from DH were 363.4, 598.23, 389.06 and 324.56 nm for T1, T2, T3 and T4, respectively</subfield>
  </datafield>
  <datafield tag="650" ind1="1" ind2="3">
    <subfield code="9">163392</subfield>
    <subfield code="a">Nanopart&#xED;culas</subfield>
    <subfield code="2">atg</subfield>
  </datafield>
  <datafield tag="650" ind1="1" ind2="3">
    <subfield code="9">89115</subfield>
    <subfield code="a">Plata</subfield>
    <subfield code="2">atg</subfield>
  </datafield>
  <datafield tag="650" ind1="1" ind2="3">
    <subfield code="9">188238</subfield>
    <subfield code="a">Nanoplata</subfield>
    <subfield code="2">atg</subfield>
  </datafield>
  <datafield tag="650" ind1="1" ind2="3">
    <subfield code="9">188240</subfield>
    <subfield code="a">Propiedades antimicrobianas</subfield>
    <subfield code="2">atg</subfield>
  </datafield>
  <datafield tag="650" ind1="1" ind2="3">
    <subfield code="9">163395</subfield>
    <subfield code="a">Nanoparticles</subfield>
    <subfield code="2">atg</subfield>
  </datafield>
  <datafield tag="650" ind1="1" ind2="3">
    <subfield code="9">188237</subfield>
    <subfield code="a">Silver</subfield>
    <subfield code="2">atg</subfield>
  </datafield>
  <datafield tag="650" ind1="1" ind2="3">
    <subfield code="9">188239</subfield>
    <subfield code="a">Nanosilver</subfield>
    <subfield code="2">atg</subfield>
  </datafield>
  <datafield tag="650" ind1="1" ind2="3">
    <subfield code="9">188241</subfield>
    <subfield code="a">Antimicrobial properties</subfield>
    <subfield code="2">atg</subfield>
  </datafield>
  <datafield tag="700" ind1="1" ind2=" ">
    <subfield code="9">163399</subfield>
    <subfield code="a">Navarro Cer&#xF3;n, Elizabeth</subfield>
    <subfield code="e">directora</subfield>
  </datafield>
  <datafield tag="700" ind1="1" ind2=" ">
    <subfield code="9">163503</subfield>
    <subfield code="a">Aguilar Moreno, Guadalupe Stefanny</subfield>
    <subfield code="e">asesora</subfield>
  </datafield>
  <datafield tag="700" ind1="1" ind2=" ">
    <subfield code="9">188242</subfield>
    <subfield code="a">S&#xE1;nchez Fern&#xE1;ndez, Rosa Elvira</subfield>
    <subfield code="e">asesora</subfield>
  </datafield>
  <datafield tag="856" ind1="4" ind2="0">
    <subfield code="y">DESCARGAR PDF</subfield>
    <subfield code="u">http://10.13.5.2/tesis/tl/1111179-3_Santos-Gaspar_JoseAntonio.pdf</subfield>
  </datafield>
  <datafield tag="942" ind1=" " ind2=" ">
    <subfield code="2">Clasificaci&#xF3;n Universidad Aut&#xF3;noma Chapingo</subfield>
    <subfield code="c">TD</subfield>
  </datafield>
  <datafield tag="999" ind1=" " ind2=" ">
    <subfield code="c">219351</subfield>
    <subfield code="d">219351</subfield>
  </datafield>
  <datafield tag="952" ind1=" " ind2=" ">
    <subfield code="0">0</subfield>
    <subfield code="1">0</subfield>
    <subfield code="2">local</subfield>
    <subfield code="4">0</subfield>
    <subfield code="7">0</subfield>
    <subfield code="8">TesDigL</subfield>
    <subfield code="a">IA_</subfield>
    <subfield code="b">IA_</subfield>
    <subfield code="c">E_L</subfield>
    <subfield code="d">2023-11-07</subfield>
    <subfield code="e">El autor</subfield>
    <subfield code="l">0</subfield>
    <subfield code="p">1201013809</subfield>
    <subfield code="r">2023-11-07 00:00:00</subfield>
    <subfield code="w">2023-11-07</subfield>
    <subfield code="y">TD</subfield>
  </datafield>
  <datafield tag="952" ind1=" " ind2=" ">
    <subfield code="0">0</subfield>
    <subfield code="1">0</subfield>
    <subfield code="2">local</subfield>
    <subfield code="4">0</subfield>
    <subfield code="5">1</subfield>
    <subfield code="7">0</subfield>
    <subfield code="8">TesDigL</subfield>
    <subfield code="a">BD</subfield>
    <subfield code="b">BD</subfield>
    <subfield code="c">E_L</subfield>
    <subfield code="d">2024-02-06</subfield>
    <subfield code="e">El autor</subfield>
    <subfield code="l">0</subfield>
    <subfield code="o">Tesis digital</subfield>
    <subfield code="p">1301013809</subfield>
    <subfield code="r">2024-02-06 00:00:00</subfield>
    <subfield code="w">2024-02-06</subfield>
    <subfield code="y">TD</subfield>
  </datafield>
</record>
